American thought A critical sketch (Record no. 1444645)

MARC details
000 -LEADER
fixed length control field 00571nam a2200205Ia 4500
005 - DATE AND TIME OF LATEST TRANSACTION
control field 20250923144906.0
008 - FIXED-LENGTH DATA ELEMENTS--GENERAL INFORMATION
fixed length control field 008 250917s9999 xx 000 0 eng d
037 ## - SOURCE OF ACQUISITION
Stock number Textual
040 ## - CATALOGING SOURCE
Original cataloging agency DSWL
Language of cataloging eng
Transcribing agency DSWL
041 ## - LANGUAGE CODE
Language code of text/sound track or separate title eng
Source of code eng
084 ## - COLON CLASSIFICATION NUMBER
Classification number 9073, J4
Assigning agency DSWL
100 ## - MAIN ENTRY--PERSONAL NAME
Personal name Cohen, Morris R.
9 (RLIN) 829496
245 #0 - TITLE STATEMENT
Title American thought A critical sketch
Statement of responsibility, etc. by Morris R. Cohen
260 ## - PUBLICATION, DISTRIBUTION, ETC.
Place of publication, distribution, etc. Glencoe
Name of publisher, distributor, etc. The Free Press, Glencoe
Date of publication, distribution, etc. 1954
300 ## - PHYSICAL DESCRIPTION
Extent 360p.
365 ## - TRADE PRICE
Price type code USD
Price amount 5
925 ## -
-- 5
942 ## - ADDED ENTRY ELEMENTS (KOHA)
Koha item type Textual
Classification part 9073, J4
Holdings
Withdrawn status Lost status Damaged status Not for loan Home library Current library Date acquired Total Checkouts Full call number Barcode Date last seen Price effective from Koha item type
        Department of Social Work Library Department of Social Work Library 2025-09-23   9073, J4 SW0009757 2025-09-23 2025-09-23 Textual
Copyright @ Delhi University Library System